Naučno-techničeskaja politika v uslovijach perechoda k rynku.

Rast zaostávania technickej úrovne priemyslu za vyspelými krajinami. Zvyšovanie efektívnosti ekonomiky trhom a regulácia cien produkcie novej techniky. Problémy tvorby cien techniky. Vplyv štátu na vedeckotechnickú politiku. Nedostatky ekonomického mechanizmu stimulovania rozvoja novej techniky.

Saved in:
Bibliographic Details
Main Author: Krašeninnikov, S.
Other Authors: Fedjuškin, V.
Format: Book Chapter
Language:Russian
Subjects:
Tags: Add Tag
No Tags, Be the first to tag this record!

MARC

LEADER 00000naa a2200000 4500
001 r004385
005 20221208123020.9
041 0 |a rus 
044 |a [SU] 
245 1 0 |a Naučno-techničeskaja politika v uslovijach perechoda k rynku.  |c S. Krašeninnikov, V. Fedjuškin 
520 |a Rast zaostávania technickej úrovne priemyslu za vyspelými krajinami. Zvyšovanie efektívnosti ekonomiky trhom a regulácia cien produkcie novej techniky. Problémy tvorby cien techniky. Vplyv štátu na vedeckotechnickú politiku. Nedostatky ekonomického mechanizmu stimulovania rozvoja novej techniky. 
610 2 0 |a politika vedeckotechnická 
610 2 0 |a priemysel 
610 2 0 |a mechanizmus trhový 
610 2 0 |a regulácia cenová 
610 2 0 |a technika nová 
610 2 0 |a tvorba cien 
610 2 0 |a stimulovanie 
610 2 0 |a ZSSR 
100 1 |a Krašeninnikov, S. 
700 1 |a Fedjuškin, V.